[Event "Mondiale Semilampo 2016"]
[Site "Doha QAT"]
[Date "2016.12.28"]
[Round "14.33"]
[White "Artemiev, Vladislav"]
[Black "Adly, Ahmed"]
[Result "1/2-1/2"]
[WhiteTitle "GM"]
[BlackTitle "GM"]
[WhiteElo "2653"]
[BlackElo "2599"]
[WhiteFideId "24101605"]
[BlackFideId "10601619"]
[EventDate "2016.12.26"]

1. d4 Nf6 2. Nf3 e6 3. Bf4 b6 4. e3 Bb7 5. Nbd2 Be7 6. h3 d5 7. Bd3 Nbd7 8. c3
Ne4 9. Qc2 f5 10. c4 c5 11. cxd5 Nxd2 12. Nxd2 Bxd5 13. O-O cxd4 14. exd4 Rc8
15. Qd1 O-O 16. Ba6 Ra8 17. Re1 Nb8 18. Bc4 Nc6 19. Rxe6 Bxe6 20. Bxe6+ Kh8 21.
Nf3 Bd6 22. Bg5 Be7 23. d5 Na5 24. Bf4 Nb7 25. Ne5 Bd6 26. Qf3 Bxe5 27. Bxe5 Nc5
28. Qg3 Nxe6 29. dxe6 Qe7 30. Bd6 Qxe6 31. Bxf8 Rxf8 32. Qc7 f4 33. Qxa7 f3 34.
Qa3 Qc8 35. Re1 h6 36. g4 Rf4 37. Kh1 Qc2 38. Qc3 Qxc3 39. bxc3 Ra4 40. Re3 Rxa2
41. Rxf3 b5 42. Kg2 Rb2 43. h4 b4 44. cxb4 Rxb4 45. Kg3 Kg8 46. Rc3 Ra4 47. f3
Rb4 48. Re3 Ra4 49. Re4 Ra3 50. Kf4 Kf7 51. Rb4 Ra7 52. Ke4 Rc7 53. Rb5 Ra7 54.
f4 Re7+ 55. Kf3 Ra7 56. Rd5 Rb7 57. Rd6 Re7 58. Rc6 Ra7 59. Rb6 Re7 60. f5 Re1
61. Rb7+ Kf6 62. Rb6+ Kf7 63. Kg2 Re4 64. Kg3 Re1 65. Kf2 Re4 66. Kf3 1/2-1/2

[Event "Mondiale Semilampo 2016"]
[Site "Doha QAT"]
[Date "2016.12.28"]
[Round "14.34"]
[White "Dubov, Daniil"]
[Black "Lu, Shanglei"]
[Result "1-0"]
[WhiteTitle "GM"]
[BlackTitle "GM"]
[WhiteElo "2660"]
[BlackElo "2627"]
[WhiteFideId "24126055"]
[BlackFideId "8603332"]
[EventDate "2016.12.26"]

1. Nf3 d5 2. d4 Nf6 3. c4 e6 4. g3 dxc4 5. Bg2 c5 6. O-O Nc6 7. dxc5 Qxd1 8.
Rxd1 Bxc5 9. Nc3 Bd7 10. Bf4 Rc8 11. Rac1 a6 12. Nd2 e5 13. Bg5 Be6 14. Bxf6
gxf6 15. Nce4 Be7 16. Nxc4 O-O 17. Ned6 Rc7 18. Ne3 Rd8 19. Ndf5 Rxd1+ 20. Rxd1
Kf8 21. a3 Ke8 22. Nd5 Bxd5 23. Bxd5 Nd8 24. Be4 Bf8 25. Kg2 h6 26. Ne3 Rc5 27.
h4 b5 28. Nd5 Be7 29. Ne3 Ne6 30. Nf5 Bf8 31. Bb7 a5 32. b4 axb4 33. axb4 Rc3
34. Ba6 Nc7 35. Bc8 Bxb4 36. Bd7+ Kf8 37. Bxb5 Be7 38. Ba4 Ne6 39. Rd7 Rc7 40.
Rxc7 Nxc7 41. Nxh6 Ne6 42. e3 Bb4 43. Bb3 Nd8 44. Nf5 Kg8 45. Kf3 Be1 46. Nd6
Bb4 47. Ne8 f5 48. Bc2 Kf8 49. Nf6 e4+ 50. Kg2 Ne6 51. Nd5 Be1 52. Kf1 Ba5 53.
Ke2 Nc7 54. Nf4 Ne6 55. Nh3 Bc7 56. Bb3 Nc5 57. Bc4 Nd7 58. Ba6 Nb6 59. Ng1 Kg7
60. Kf1 Be5 61. Ne2 Kf6 62. Nc1 Ke6 63. Nb3 Kd6 64. Bb5 Nd5 65. Bc4 Kc6 66. Nd4+
Bxd4 67. exd4 1-0

[Event "Mondiale Semilampo 2016"]
[Site "Doha QAT"]
[Date "2016.12.28"]
[Round "14.35"]
[White "Pichot, Alan"]
[Black "Dreev, Aleksey"]
[Result "0-1"]
[WhiteTitle "GM"]
[BlackTitle "GM"]
[WhiteElo "2544"]
[BlackElo "2652"]
[WhiteFideId "110973"]
[BlackFideId "4100107"]
[EventDate "2016.12.26"]

1. e4 c6 2. d4 d5 3. Nc3 dxe4 4. Nxe4 Bf5 5. Ng3 Bg6 6. h4 h6 7. Nf3 Nd7 8. h5
Bh7 9. Bd3 Bxd3 10. Qxd3 e6 11. Bd2 Ngf6 12. O-O-O Be7 13. Ne4 Nxe4 14. Qxe4 Nf6
15. Qd3 c5 16. Kb1 cxd4 17. Nxd4 Qd5 18. f3 O-O 19. c4 Qc5 20. Be3 Qa5 21. g4
Rfd8 22. Qe2 Rac8 23. Rhg1 Qe5 24. Nc2 Bc5 25. Qf2 Bxe3 26. Qxe3 Qxe3 27. Nxe3
Nd7 28. g5 hxg5 29. Rxg5 Nf6 30. Rdg1 Kf8 31. Rxg7 Nxh5 32. Rh7 Nf6 33. Rh6 Ne8
34. f4 Nd6 35. b3 Ke7 36. Re1 Rh8 37. Nd5+ Kd7 38. Nf6+ Kc6 39. Reh1 Rxh6 40.
Rxh6 b5 41. cxb5+ Kxb5 42. Ng4 Rg8 43. Ne5 Rg2 44. Rf6 Kb4 45. Kc1 Kc3 46. Kd1
Rg7 47. f5 Nxf5 48. Rxf7 Rxf7 49. Nxf7 Nd4 50. Ne5 Kb2 51. Kd2 Kxa2 52. b4 Kb3
53. Kd3 Nc2 54. b5 Na3 55. Nc6 Nxb5 56. Ke4 a6 57. Ke5 Kc4 58. Na5+ Kb4 59. Nb7
Nc7 60. Kd6 a5 61. Kxc7 a4 0-1

[Event "Mondiale Semilampo 2016"]
[Site "Doha QAT"]
[Date "2016.12.28"]
[Round "14.36"]
[White "Amin, Bassem"]
[Black "Flores, Diego"]
[Result "1-0"]
[WhiteTitle "GM"]
[BlackTitle "GM"]
[WhiteElo "2662"]
[BlackElo "2579"]
[WhiteFideId "10601457"]
[BlackFideId "108049"]
[EventDate "2016.12.26"]

1. e4 c5 2. Nf3 e6 3. d3 Nc6 4. g3 d5 5. Nbd2 Nf6 6. Bg2 g6 7. O-O Bg7 8. Re1
O-O 9. c3 b6 10. e5 Nd7 11. d4 a5 12. Nf1 Ba6 13. Bg5 Qc7 14. Qd2 Rac8 15. Rac1
a4 16. h4 Na5 17. Qf4 Nc4 18. Rc2 a3 19. bxa3 Nxa3 20. Rb2 Nb5 21. Rb3 cxd4 22.
cxd4 Nc3 23. Qe3 Ne4 24. N1d2 Nxd2 25. Qxd2 Qc2 26. Qe3 Bc4 27. Rc3 Qxa2 28. h5
b5 29. Ra3 Qb2 30. Ra7 Nb8 31. Bf6 Qc2 32. Nh4 Nc6 33. Bxg7 Kxg7 34. Qg5 Kg8 35.
h6 f6 36. Rg7+ Kh8 37. exf6 Nd8 38. Be4 1-0

[Event "Mondiale Semilampo 2016"]
[Site "Doha QAT"]
[Date "2016.12.28"]
[Round "14.37"]
[White "Vallejo Pons, Francisco"]
[Black "Khusnutdinov, Rustam"]
[Result "1/2-1/2"]
[WhiteTitle "GM"]
[BlackTitle "GM"]
[WhiteElo "2711"]
[BlackElo "2458"]
[WhiteFideId "2205530"]
[BlackFideId "13701703"]
[EventDate "2016.12.26"]

1. e4 e6 2. d4 d5 3. Nd2 Nc6 4. Ngf3 Nf6 5. e5 Nd7 6. Bd3 f6 7. exf6 Qxf6 8. Nf1
e5 9. Ne3 exd4 10. Nxd5 Qe6+ 11. Qe2 Qxe2+ 12. Kxe2 Bd6 13. Ng5 Nf6 14. Nxf6+
gxf6 15. Ne4 Be7 16. Bf4 Ne5 17. Rhe1 Kf7 18. Kf1 Nxd3 19. cxd3 c6 20. Bd6 Re8
21. Bxe7 Rxe7 22. Rac1 Re5 23. b4 Rd5 24. b5 Bd7 25. Rc5 Rxc5 26. Nxc5 Bf5 27.
bxc6 bxc6 28. Rb1 Re8 29. h3 Re5 30. Rc1 h5 31. Rc4 Bg6 32. g4 Ke7 33. f4 Re3
34. Rxd4 Rxh3 35. f5 Bf7 36. Rd7+ Kf8 37. Rxa7 hxg4 38. Ne4 Rxd3 39. Nxf6 Rf3+
40. Kg2 Rxf5 1/2-1/2

[Event "Mondiale Semilampo 2016"]
[Site "Doha QAT"]
[Date "2016.12.28"]
[Round "14.38"]
[White "Henriquez Villagra, Cristobal"]
[Black "Fressinet, Laurent"]
[Result "1-0"]
[WhiteTitle "IM"]
[BlackTitle "GM"]
[WhiteElo "2517"]
[BlackElo "2672"]
[WhiteFideId "3409350"]
[BlackFideId "608742"]
[EventDate "2016.12.26"]

1. e4 g6 2. d4 d6 3. Nc3 Bg7 4. Bg5 a6 5. a4 Nd7 6. Bc4 c5 7. dxc5 Nxc5 8. Nge2
Be6 9. Bxe6 Nxe6 10. Be3 Nf6 11. f3 O-O 12. O-O Qa5 13. Qd2 Rfc8 14. Rfd1 Rc4
15. b3 Rcc8 16. Rac1 b5 17. axb5 axb5 18. Qd3 b4 19. Na4 Nd7 20. Qd2 Rc6 21. Nd4
Nxd4 22. Bxd4 Bxd4+ 23. Qxd4 Rac8 24. Rd2 Nc5 25. Ra1 Ne6 26. Qf2 Qc7 27. Rc1
Nc5 28. Nxc5 Rxc5 29. Qd4 Rb8 30. Re2 Rc3 31. e5 dxe5 32. Qxe5 Qb6+ 33. Kf1 e6
34. Rd1 Rbc8 35. Qf6 Qb5 36. Ke1 Qc5 37. Kf1 Qb5 38. Ke1 R3c5 39. Red2 Rd5 40.
Rxd5 exd5 41. Rd2 Qc5 42. Kf1 Re8 43. Qd4 Qe7 44. Qf2 Qf6 45. g3 Re5 46. Re2 Qa6
47. Qe1 Kg7 48. Kf2 Qb6+ 49. Kg2 Rxe2+ 50. Qxe2 Qd4 51. Qd3 Qe5 52. Qd2 d4 53.
Qxb4 Qe2+ 54. Kh3 Qf1+ 55. Kh4 Qf2 56. Kh3 h5 57. Qd6 Qf1+ 58. Kh4 Qxf3 59.
Qxd4+ Kg8 60. Kg5 Kh7 61. Qf4 Qd5+ 62. Kh4 Kg7 63. g4 f6 64. Kg3 h4+ 65. Kh3 g5
66. Qe3 Kh6 67. c4 Qd1 68. Kg2 Qxg4+ 69. Kf2 Qf5+ 70. Kg2 Qc2+ 71. Kg1 Qd1+ 72.
Kg2 Qg4+ 73. Kf2 h3 74. Qf3 Qd4+ 75. Kf1 g4 76. Qf5 Qd1+ 77. Kf2 Qd2+ 78. Kg3
Qg2+ 79. Kh4 Qxh2 80. Qxf6+ Kh7 81. Qf5+ Kh8 82. Qh5+ Kg7 83. Qxg4+ Kf6 84. Qf3+
Ke5 85. Qxh3 Qf4+ 86. Qg4 Qh2+ 87. Kg5 Qd2+ 88. Kh5 Qh2+ 89. Qh4 Qe2+ 90. Kh6
Qc2 91. Qe7+ Kd4 92. Qd6+ Kc3 93. c5 Qc1+ 94. Kg7 Kxb3 95. c6 Ka4 96. c7 Qg5+
97. Kf7 Qf5+ 98. Ke7 Qh7+ 99. Kd8 Qg8+ 100. Kd7 Qf7+ 101. Kc6 Qc4+ 102. Kb7 Qf7
103. Kb8 Qb3+ 104. Ka7 Qf7 105. Qa6+ Kb4 106. Qb7+ Ka5 107. c8=Q 1-0

[Event "Mondiale Semilampo 2016"]
[Site "Doha QAT"]
[Date "2016.12.28"]
[Round "14.39"]
[White "Halkias, Stelios"]
[Black "Svane, Rasmus"]
[Result "1-0"]
[WhiteTitle "GM"]
[BlackTitle "GM"]
[WhiteElo "2585"]
[BlackElo "2555"]
[WhiteFideId "4201809"]
[BlackFideId "4657101"]
[EventDate "2016.12.26"]

1. c4 e6 2. Nf3 d5 3. d4 Nf6 4. g3 Bb4+ 5. Bd2 Be7 6. Bg2 O-O 7. O-O c6 8. Qc2
Nbd7 9. Rd1 b6 10. b3 Ba6 11. a4 Qc8 12. Na3 c5 13. cxd5 exd5 14. Nb5 Qc6 15.
dxc5 bxc5 16. Nfd4 Qb6 17. Ba5 Qb7 18. Nf5 Nb6 19. Nc3 Rad8 20. Bxb6 axb6 21.
Bxd5 Qc7 22. e4 g6 23. Ne3 Qe5 24. Rd2 Qh5 25. Qd1 Qe5 26. Rc1 h5 27. f4 Qb8 28.
e5 Nxd5 29. Nexd5 Rde8 30. Ne4 Bb7 31. Nef6+ Bxf6 32. Nxf6+ Kg7 33. Nxe8+ Qxe8
34. Rd6 h4 35. gxh4 Rh8 36. Qg4 Rh5 37. Rcd1 Bc8 38. Qg3 Be6 39. Rxb6 c4 40. a5
Qe7 41. bxc4 Qc5+ 42. Qf2 Qxa5 43. c5 Qa4 44. Rbd6 Rf5 45. R6d4 Qc6 46. Rd6 Qe4
47. R6d4 Qc6 48. Rb4 Qc7 49. Rb6 Qe7 50. c6 Qc7 51. Ra6 Bc4 52. Rb6 Be6 53. Rdb1
Qc8 54. Qc5 Rxf4 55. Rb8 Rg4+ 56. Kf2 Rc4 57. Qxc4 1-0

[Event "Mondiale Semilampo 2016"]
[Site "Doha QAT"]
[Date "2016.12.28"]
[Round "14.41"]
[White "Xu, Yi"]
[Black "Grandelius, Nils"]
[Result "0-1"]
[WhiteTitle "IM"]
[BlackTitle "GM"]
[WhiteElo "2430"]
[BlackElo "2643"]
[WhiteFideId "8605564"]
[BlackFideId "1710400"]
[EventDate "2016.12.26"]

1. e4 c5 2. Nf3 d6 3. Bb5+ Nd7 4. O-O a6 5. Bd3 Ngf6 6. Re1 g6 7. a4 b6 8. c3
Bb7 9. Na3 Bg7 10. Qe2 O-O 11. Bc2 e5 12. Nc4 d5 13. Nd6 Bc6 14. d4 Nxe4 15.
Nxe4 dxe4 16. Nxe5 Nxe5 17. dxe5 Re8 18. Rd1 Qc7 19. Bxe4 Bxe5 20. Bxc6 Bxh2+
21. Kf1 Rxe2 22. Bxa8 Re8 23. Bd5 Bf4 24. Bxf4 Qxf4 25. g3 Qf5 26. Rd2 Re3 27.
Kg2 Rd3 28. Rad1 Qxd5+ 0-1

[Event "Mondiale Semilampo 2016"]
[Site "Doha QAT"]
[Date "2016.12.28"]
[Round "14.42"]
[White "Mchedlishvili, Mikheil"]
[Black "Darini, Pouria"]
[Result "1-0"]
[WhiteTitle "GM"]
[BlackTitle "GM"]
[WhiteElo "2601"]
[BlackElo "2511"]
[WhiteFideId "13600966"]
[BlackFideId "12502200"]
[EventDate "2016.12.26"]

1. e4 c5 2. Ne2 d6 3. g3 Nc6 4. Bg2 g6 5. c3 Bg7 6. d4 Bg4 7. d5 Ne5 8. f4 Nd7
9. O-O Ngf6 10. h3 Bxe2 11. Qxe2 O-O 12. Nd2 Qc7 13. Kh2 e6 14. dxe6 fxe6 15.
Nf3 Rae8 16. Bd2 d5 17. e5 Ne4 18. h4 Nb6 19. Rae1 Nc4 20. Bc1 Qa5 21. a3 Qa4
22. Ng1 Qb3 23. Bxe4 dxe4 24. Qxe4 Rd8 25. Nf3 Rd7 26. Rf2 b5 27. h5 gxh5 28.
Ng5 Bh6 29. Nxe6 Nd2 30. Bxd2 Qxe6 31. f5 Qb6 32. Bxh6 Qxh6 33. e6 Re7 34. Qe5
Rf6 35. Qxc5 h4 36. g4 Qf8 37. g5 Qb8+ 38. Qe5 Qb6 39. Qd4 Qc7+ 40. Kh1 Rf8 41.
f6 Qc6+ 42. Kh2 Rxe6 43. Rxe6 Qxe6 44. Qxh4 Qd5 45. Qf4 Qf7 46. Kg3 Rd8 47. Re2
Qh5 48. Re3 Qh1 49. Qf2 Qh5 50. Qf5 Qh1 51. Qe6+ Kh8 52. Qe8+ 1-0

[Event "Mondiale Semilampo 2016"]
[Site "Doha QAT"]
[Date "2016.12.28"]
[Round "14.43"]
[White "Debashis, Das"]
[Black "Firouzja, Alireza"]
[Result "0-1"]
[WhiteTitle "GM"]
[BlackTitle "IM"]
[WhiteElo "2472"]
[BlackElo "2456"]
[WhiteFideId "5024854"]
[BlackFideId "12573981"]
[EventDate "2016.12.26"]

1. d4 Nf6 2. c4 g6 3. Nc3 Bg7 4. e4 d6 5. Be2 O-O 6. Be3 e5 7. d5 Na6 8. g4 Nc5
9. f3 a5 10. h4 h5 11. g5 Nfd7 12. Nh3 Nb6 13. Qd2 c6 14. Nf2 cxd5 15. exd5 Bf5
16. Bxc5 dxc5 17. Nfe4 Nd7 18. O-O-O a4 19. a3 b6 20. Kb1 Kh8 21. Ka2 Ra5 22.
Nd6 Qb8 23. Ncb5 Kg8 24. Bd3 e4 25. Bxe4 Bxe4 26. Nxe4 Ne5 27. Qe2 Qd8 28. f4
Ng4 29. Rhe1 Qd7 30. Ned6 Raa8 31. Qe7 Rad8 32. Qxd7 Rxd7 33. Ne4 f6 34. gxf6
Bxf6 35. Nxf6+ Rxf6 36. Re8+ Kg7 37. d6 Rxf4 38. Nc7 Nf6 39. Ne6+ Kf7 40. Re7+
Rxe7 41. Nxf4 Rd7 42. Rg1 Rxd6 43. Nxg6 Rd4 44. Kb1 Ng4 45. Re1 Kxg6 46. Re6+
Kf5 47. Rxb6 Rxc4 0-1

[Event "Mondiale Semilampo 2016"]
[Site "Doha QAT"]
[Date "2016.12.28"]
[Round "14.44"]
[White "Ghaem Maghami, Ehsan"]
[Black "Belyakov, Bogdan"]
[Result "1-0"]
[WhiteTitle "GM"]
[BlackTitle "IM"]
[WhiteElo "2574"]
[BlackElo "2487"]
[WhiteFideId "12500739"]
[BlackFideId "24104795"]
[EventDate "2016.12.26"]

1. e4 e5 2. Nf3 Nc6 3. Bb5 Nf6 4. Qe2 Bc5 5. c3 O-O 6. O-O Re8 7. d3 a6 8. Ba4
d6 9. Be3 Bxe3 10. fxe3 b5 11. Bb3 Be6 12. Nbd2 Bxb3 13. axb3 d5 14. exd5 Nxd5
15. g3 a5 16. Rf2 Nf6 17. Nh4 Re6 18. Raf1 Rd6 19. d4 exd4 20. exd4 Rb8 21. Ne4
Nxe4 22. Qxe4 Qf8 23. Rxf7 Qxf7 24. Rxf7 Kxf7 25. Qxh7 Ne7 26. Nf3 Ng6 27. Ng5+
Kf8 28. d5 Re8 29. Ne6+ Rexe6 30. dxe6 Rxe6 31. Qh5 Ne5 32. Qh8+ Kf7 33. Qb8 c6
34. Qc7+ Kf6 35. Qxa5 g5 36. Qd8+ Kf5 37. h3 Ke4 38. Kg2 Kf5 39. Qd4 Re7 40. g4+
Ke6 41. Qe3 Kf6 42. Qf2+ Kg7 43. Qe3 Kf6 44. Qf2+ Kg7 45. Qd2 Kf6 46. Qd6+ Kf7
47. Qc5 Re6 48. c4 bxc4 49. bxc4 Kg7 50. b4 Kh6 51. Qe3 Kg6 52. b5 cxb5 53. cxb5
Kf6 54. b6 Ng6 55. Qxe6+ Kxe6 56. b7 Nf4+ 57. Kh2 1-0

[Event "Mondiale Semilampo 2016"]
[Site "Doha QAT"]
[Date "2016.12.28"]
[Round "14.45"]
[White "Borisek, Jure"]
[Black "Sanal, Vahap"]
[Result "1/2-1/2"]
[WhiteTitle "GM"]
[BlackTitle "GM"]
[WhiteElo "2561"]
[BlackElo "2474"]
[WhiteFideId "14603152"]
[BlackFideId "6300545"]
[EventDate "2016.12.26"]

1. e4 e5 2. Nf3 Nc6 3. Bb5 a6 4. Ba4 Nf6 5. O-O Be7 6. Re1 b5 7. Bb3 O-O 8. h3
Bb7 9. d3 d5 10. exd5 Nxd5 11. Nbd2 Nf4 12. Ne4 Bf6 13. Bxf4 exf4 14. c3 Na5 15.
Bc2 Be7 16. b4 Nc6 17. d4 g6 18. a4 bxa4 19. Qd2 a5 20. b5 Na7 21. Bd3 f5 22.
Qa2+ Kg7 23. Ned2 a3 24. c4 Bb4 25. d5 Qf6 26. Rab1 Rae8 27. Rxe8 Rxe8 28. Nb3
Qc3 29. Bf1 Re4 30. Ng5 Re1 31. Rxe1 Qxe1 32. Ne6+ Kh6 33. Nxc7 a4 34. Nd4 Qc3
35. Nc6 Bc5 36. Ne6 Bb6 37. c5 Bxc5 38. Nxc5 Qxc5 39. Nxa7 Bxd5 40. Qd2 g5 41.
Nc6 a2 42. Qb2 Qf8 43. Nd4 a3 44. Qa1 Kg6 45. Qc3 Qe7 46. Bd3 Be4 47. Bxe4 Qxe4
48. Kh2 Kh5 49. Nc2 Qxc2 50. Qxc2 a1=Q 51. Qxf5 Kh6 52. Qe6+ Kg7 53. b6 Qb2 54.
Qe7+ Kg6 55. b7 a2 56. Qe8+ Kg7 57. Qd7+ Kg6 58. Qc6+ Kg7 59. Qc7+ Kg6 60. b8=Q
Qxb8 61. Qxb8 a1=Q 62. Qd6+ Qf6 63. Qd3+ Qf5 64. Qd6+ Kg7 65. Qe7+ Kh6 66. Qd6+
Kh5 67. Qd1+ Kg6 68. Qd6+ Qf6 69. Qd3+ Kh6 70. Qe4 Qd6 71. Qf5 Qd4 1/2-1/2

[Event "Mondiale Semilampo 2016"]
[Site "Doha QAT"]
[Date "2016.12.28"]
[Round "14.46"]
[White "Jobava, Baadur"]
[Black "Atabayev, Maksat"]
[Result "1-0"]
[WhiteTitle "GM"]
[BlackTitle "GM"]
[WhiteElo "2702"]
[BlackElo "2492"]
[WhiteFideId "13601520"]
[BlackFideId "14001101"]
[EventDate "2016.12.26"]

1. e4 c5 2. Nf3 d6 3. d4 cxd4 4. Nxd4 Nf6 5. Nc3 a6 6. Bg5 Nbd7 7. Qe2 h6 8.
Bxf6 Nxf6 9. O-O-O Qc7 10. f4 e6 11. g3 Be7 12. Bg2 Bd7 13. e5 dxe5 14. fxe5 Nh7
15. Kb1 Rc8 16. h4 b5 17. Rhf1 b4 18. Nd5 exd5 19. Rxf7 Kxf7 20. Bxd5+ Ke8 21.
Qh5+ Kd8 22. Ne6+ Bxe6 23. Bxe6+ Bd6 24. Rxd6+ Qxd6 25. exd6 Rf8 26. Qa5+ 1-0

[Event "Mondiale Semilampo 2016"]
[Site "Doha QAT"]
[Date "2016.12.28"]
[Round "14.47"]
[White "Potapov, Pavel"]
[Black "Perez Ponsa, Federico"]
[Result "0-1"]
[WhiteTitle "GM"]
[BlackTitle "GM"]
[WhiteElo "2493"]
[BlackElo "2585"]
[WhiteFideId "4169786"]
[BlackFideId "117927"]
[EventDate "2016.12.26"]

1. e4 c6 2. d4 d5 3. exd5 cxd5 4. Bd3 Nc6 5. c3 Qc7 6. h3 Nf6 7. Nf3 g6 8. O-O
Bg7 9. Na3 O-O 10. Nc2 Bf5 11. Bxf5 gxf5 12. Nce1 e6 13. Nd3 Ne4 14. Bf4 Qe7 15.
Re1 b5 16. Nfe5 Nxe5 17. Nxe5 Rfc8 18. f3 Nd6 19. Nd3 a5 20. a3 Nc4 21. Qe2 Re8
22. Qf2 Kh8 23. Re2 a4 24. Rae1 Rg8 25. Ne5 Bf6 26. Nxc4 bxc4 27. Be5 Rg6 28.
Qh4 Rag8 29. Kf1 R8g7 30. Bxf6 Qxf6 31. Qxf6 Rxf6 32. f4 Rfg6 33. Rf2 Rg3 34.
Ree2 R7g6 35. Rd2 Kg7 36. Rfe2 Kh6 37. Ke1 Kh5 38. Kf1 Kh4 39. Ke1 Rg7 40. Kf1
Rg8 41. Ke1 R3g7 42. Rf2 Rg3 43. Rfe2 Rd3 44. Kf2 Rdg3 45. Ke1 R8g6 46. Kf1 Kh5
47. Ke1 Kh6 48. Kf1 Kg7 49. Ke1 Kf6 50. Kf1 Ke7 51. Ke1 Kd6 52. Kf1 Rg8 53. Re1
h5 54. Ree2 h4 55. Ke1 Rb8 56. Kd1 Re8 57. Ke1 Rg7 58. Kf2 f6 59. Kf1 Rge7 60.
Rf2 Rg7 61. Rfe2 Rgg8 62. Kf2 Rg3 63. Kf1 Reg8 64. Ke1 R3g7 65. Kf1 Re7 66. Kf2
Rge8 67. Rd1 e5 68. dxe5+ fxe5 69. fxe5+ Rxe5 70. Rxe5 Rxe5 71. Rd2 Re4 72. Rd1
Ke5 73. Rd2 Rf4+ 74. Ke2 Re4+ 75. Kf2 f4 76. Rc2 Re3 77. Rd2 Re4 78. Rc2 Kd6 79.
Rd2 Ke6 80. Rc2 Ke5 81. Rd2 Re3 82. Rc2 d4 83. cxd4+ Kxd4 84. Rd2+ Rd3 85. Ke2
Ke4 86. Rc2 Kd5 87. Kf2 Kd4 88. Ke2 Re3+ 89. Kf2 c3 90. bxc3+ Rxc3 91. Rb2 Rb3
92. Ra2 Kc4 93. Re2 Kd4 94. Ra2 Kc3 95. Kf3 Rb2 96. Ra1 Kb3 97. Re1 Kxa3 98. Re4
Rb4 99. Re8 Kb2 100. Kg4 a3 101. Kxh4 f3+ 102. Kg3 fxg2 103. Kxg2 a2 0-1

[Event "Mondiale Semilampo 2016"]
[Site "Doha QAT"]
[Date "2016.12.28"]
[Round "14.48"]
[White "Kozul, Zdenko"]
[Black "Bok, Benjamin"]
[Result "0-1"]
[WhiteTitle "GM"]
[BlackTitle "GM"]
[WhiteElo "2613"]
[BlackElo "2598"]
[WhiteFideId "14502879"]
[BlackFideId "1017063"]
[EventDate "2016.12.26"]

1. Nf3 c5 2. c4 Nf6 3. Nc3 d5 4. cxd5 Nxd5 5. e4 Nb4 6. Bb5+ N8c6 7. O-O a6 8.
Bxc6+ Nxc6 9. d3 Bg4 10. h3 Bxf3 11. Qxf3 g6 12. Be3 b6 13. e5 Nxe5 14. Qe4 Bg7
15. d4 cxd4 16. Bxd4 f5 17. Qd5 Qxd5 18. Nxd5 Rd8 19. Nc7+ Kf7 20. Bc3 a5 21. f4
Rd7 22. fxe5 Rxc7 23. Bd4 Rc6 24. Rac1 Re6 25. g4 Bxe5 26. Bf2 Bxb2 27. Rb1 Bf6
28. Rxb6 Rc8 29. gxf5 gxf5 30. Rb3 Re2 31. Ra3 Rcc2 32. Rxa5 e6 0-1

[Event "Mondiale Semilampo 2016"]
[Site "Doha QAT"]
[Date "2016.12.28"]
[Round "14.49"]
[White "Atabayev, Yusup"]
[Black "Mareco, Sandro"]
[Result "0-1"]
[WhiteTitle "IM"]
[BlackTitle "GM"]
[WhiteElo "2473"]
[BlackElo "2635"]
[WhiteFideId "14001128"]
[BlackFideId "112275"]
[EventDate "2016.12.26"]

1. d4 Nf6 2. Nc3 d5 3. Bf4 Bf5 4. e3 e6 5. Nf3 h6 6. Bd3 Bxd3 7. cxd3 Bd6 8. Bg3
O-O 9. O-O Nc6 10. Ne5 Ne7 11. Qb3 Rb8 12. e4 c6 13. f4 Bc7 14. Rad1 Nh5 15. Ne2
f6 16. Nf3 Qd7 17. Nh4 f5 18. e5 g5 19. Nf3 g4 20. Nd2 Nxg3 21. hxg3 h5 22. Kf2
Kg7 23. Rh1 Rh8 24. Qc3 Rbc8 25. Nb3 b6 26. Rc1 Bd8 27. Rh2 c5 28. dxc5 bxc5 29.
d4 cxd4 30. Qd3 Rxc1 31. Nexc1 Bb6 32. Ne2 Qa4 33. Rh1 Rc8 34. Rd1 Rc2 35. Kf1
Rxb2 36. Nbxd4 Kf7 37. a3 Qc4 38. Qxc4 dxc4 39. Nc3 Bxd4 40. Rxd4 Rc2 41. Nb5
Nd5 42. Nxa7 Ne3+ 43. Ke1 Nxg2+ 44. Kd1 Ne3+ 45. Ke1 Nd5 46. Nb5 c3 47. Rc4 Rg2
48. a4 Rxg3 49. Kf2 Rf3+ 50. Kg1 Nxf4 51. a5 Ne2+ 52. Kg2 h4 53. a6 h3+ 54. Kh2
Rf2+ 55. Kh1 Ng3+ 56. Kg1 Rg2# 0-1

[Event "Mondiale Semilampo 2016"]
[Site "Doha QAT"]
[Date "2016.12.28"]
[Round "14.50"]
[White "Hirneise, Tobias"]
[Black "Tari, Aryan"]
[Result "0-1"]
[WhiteTitle "IM"]
[BlackTitle "GM"]
[WhiteElo "2466"]
[BlackElo "2584"]
[WhiteFideId "24600881"]
[BlackFideId "1510045"]
[EventDate "2016.12.26"]

1. d4 Nf6 2. c4 g6 3. Nc3 d5 4. Bf4 Bg7 5. e3 O-O 6. Rc1 Be6 7. b3 c5 8. cxd5
Bxd5 9. Nxd5 Nxd5 10. Bxb8 Rxb8 11. Rxc5 Qd6 12. Bc4 Nf6 13. Bd3 Rbc8 14. Rxc8
Rxc8 15. Ne2 Ng4 16. h3 Qb4+ 17. Qd2 Nxf2 0-1

[Event "Mondiale Semilampo 2016"]
[Site "Doha QAT"]
[Date "2016.12.28"]
[Round "14.51"]
[White "Zhang, Zhong"]
[Black "Maghsoodloo, Parham"]
[Result "1/2-1/2"]
[WhiteTitle "GM"]
[BlackTitle "GM"]
[WhiteElo "2645"]
[BlackElo "2584"]
[WhiteFideId "8600694"]
[BlackFideId "12539929"]
[EventDate "2016.12.26"]

1. e4 c5 2. Nf3 d6 3. Bb5+ Nd7 4. O-O Nf6 5. Re1 a6 6. Bf1 e5 7. c3 Be7 8. a4 b6
9. d4 O-O 10. d5 g6 11. Bh6 Re8 12. Na3 Bf8 13. Bg5 h6 14. Bd2 Nh5 15. g3 Ndf6
16. b4 Nh7 17. Nc4 Bg4 18. h3 Bd7 19. bxc5 bxc5 20. a5 Bb5 21. Nb6 Bxf1 22. Kxf1
Ra7 23. Kg2 N7f6 24. Rb1 Kh7 25. Nc4 Ng8 26. Rb6 Ng7 27. Qc2 f5 28. Nh4 f4 29.
Nf3 g5 30. gxf4 gxf4 31. Kh2 Kh8 32. Rg1 Nh5 33. Qb1 Nhf6 34. Be1 Nh7 35. Rb7
Rxb7 36. Qxb7 Ngf6 37. Nh4 Ng5 38. f3 Kg8 39. Nf5 Kh8 40. Rxg5 hxg5 41. Qf7 Nh7
42. Ncxd6 Re7 43. c4 Rc7 44. Qe6 Qf6 45. Qe8 g4 46. hxg4 Ng5 47. Kg2 Kg8 48. Bc3
Rh7 49. Bxe5 Rh2+ 50. Kxh2 Nxf3+ 51. Kg2 Nxe5 52. Kf1 Nxg4 53. Qe6+ Qxe6 54.
dxe6 Bxd6 55. Nxd6 Kf8 56. Ke2 Ne5 57. Nb7 Ke7 58. Nxc5 Nxc4 59. Nxa6 Nxa5 60.
Nc5 Nc6 61. Kf3 Kd6 1/2-1/2

[Event "Mondiale Semilampo 2016"]
[Site "Doha QAT"]
[Date "2016.12.28"]
[Round "14.52"]
[White "Quintiliano Pinto, Renato R."]
[Black "Agdestein, Simen"]
[Result "0-1"]
[WhiteTitle "IM"]
[BlackTitle "GM"]
[WhiteElo "2484"]
[BlackElo "2602"]
[WhiteFideId "2117568"]
[BlackFideId "1500015"]
[EventDate "2016.12.26"]

1. d4 e6 2. c4 f5 3. g3 Nf6 4. Bg2 c6 5. Nf3 d5 6. O-O Bd6 7. b3 Qe7 8. Bb2 b6
9. Nbd2 O-O 10. Ne5 Bb7 11. Rc1 a5 12. e3 Na6 13. cxd5 cxd5 14. Qe2 Nb4 15. Qd1
Nxa2 16. Ra1 Nb4 17. Ndf3 Rfc8 18. Qb1 Ne4 19. Rd1 Ba6 20. Bf1 Qb7 21. Nd3 Nc2
22. Ra2 Rc7 23. Nd2 Rac8 24. Nf3 g5 25. Nfe1 Nb4 26. Nxb4 Bxf1 27. Kxf1 Bxb4 28.
Qd3 g4 29. Kg2 b5 30. Qe2 Bxe1 31. Qxe1 Rc2 32. Qxa5 Rxf2+ 33. Kg1 Rcc2 34. Ba3
Rg2+ 35. Kf1 Rgf2+ 36. Kg1 Rxa2 37. Qd8+ Kg7 38. Qf8+ Kg6 39. Qg8+ Qg7 0-1